Five Largest Cities by Country Map Quiz 3 - Statistics

General Stats
  • This quiz has been taken 136 times
  • The average score is 21 of 30
Answers on the Map
Answers color-coded by a green-red scale on the quiz's map according to % correct below.
 
Answer Stats
Answer % Correct
Mexico City-Toluca
93%
Munich
93%
Berlin
89%
Frankfurt
89%
Hamburg
88%
Bogotá
84%
Riyadh
84%
Manila
80%
Monterrey
80%
Tijuana
80%
Casablanca
78%
Cologne
78%
Medina
77%
Guadalajara
76%
Jeddah
73%
Puebla
73%
Mecca
71%
Cali
67%
Dammam
66%
Tangier
66%
Medellín
64%
Cartagena
63%
Marrakesh
61%
Barranquilla
57%
Fes
57%
Cebu
54%
Davao
52%
Angeles
45%
Cayagan de Oro
34%
Salé
27%
No matching quizzes found
Score Distribution
Percent of People with Each Score
Percentile by Number Answered
Your Score History
You have not taken this quiz